Statistics for Marvel Contest of Champions- Science

Click here to take the quiz!

General Stats

  • This quiz has been taken 4 times
  • The average score is 25 of 40

Answer Stats

Answer% Correct
Ant-Man
100%
Hulk
100%
Red Hulk
100%
She-Hulk
100%
Wasp
100%
Captain America
75%
Captain America (Infinity War)
75%
Cassie Lang
75%
Electro
75%
Hulk (Immortal)
75%
Jessica Jones
75%
Luke Cage
75%
Quicksilver
75%
Rhino
75%
Scorpion
75%
Spider-Gwen
75%
Spider-Ham
75%
Spider-Man 2099
75%
Spider-Man (Classic)
75%
Abomination
50%
Anti-Venom
50%
Captain America (WWII)
50%
Hulk (Ragnarok)
50%
Human Torch
50%
Invisible Woman
50%
Joe Fixit
50%
Mister Fantastic
50%
M.O.D.O.K.
50%
Quake
50%
Red Guardian
50%
Sentry
50%
Spider-Man (Miles Morales)
50%
The Overseer
50%
Thing
50%
Titania
50%
Void
50%
Yellowjacket
50%
Abomination (Immortal)
25%
Mister Negative
25%
Spot
25%

Score Distribution

Percentile by Number Answered

Percent of People with Each Score

Your Score History

You have not taken this quiz